000 00869nam a2200265Ia 4500
003 GCL
005 20240530102338.0
008 140319s9999 xx 000 0 ara d
040 _aGCL /
_cGCL
082 0 4 _a953.08
_bق/س ع
100 1 _aسعيد عبدالفتاح عاشور
245 1 0 _aالعصر المماليكى فى مصر والشام /
_cسعيد عبدالفتاح عاشور
260 _a[S.N] :
_bمكتبة الانجلوالمصرية ،
_c1994
300 _a490 ص
650 0 4 _aمصر
650 0 4 _aتاريخ
650 0 4 _aالاحوال الاجتماعية
650 0 4 _aالاحوال السياسية
650 0 4 _aدولة المماليك
650 0 4 _aالاحوال الاقتصادية
650 0 4 _aالعلاقات الخارجية
650 0 4 _aالشام
650 0 4 _aالفن الاسلامى
942 _2ddc
_cBK
999 _c31583
_d31583